| 000 | 00662nam a2200229 i 4500 | ||
|---|---|---|---|
| 001 | 51606 | ||
| 003 | ES-MaACL | ||
| 005 | 20230906162408.0 | ||
| 007 | t| | ||
| 008 | 030814s1963 sp ||||1| spa d | ||
| 100 | 1 |
_aChiarini, Luigi. _938466 |
|
| 245 | 1 | 3 |
_aEl cine, quinto poder / _cLuigi Chiarini ; [versión de Juan Cobos]. |
| 260 |
_aMadrid : _bTaurus, _c[1963] |
||
| 300 |
_a217 p. ; _c19 cm. |
||
| 490 | 1 |
_aSer y tiempo ; _v29 |
|
| 650 | 0 | 0 |
_aCine- _xAspectos sociales. _911015 |
| 650 | 4 |
_aCine- _zItalia. _9171022 |
|
| 700 | 1 |
_aCobos, Juan. _939365 |
|
| 830 | 1 |
_aSer y tiempo ; _v29 _9182364 |
|
| 852 |
_aES-MaACL _jE-6405 |
||
| 999 |
_c51606 _d51606 |
||